[Event "Panevezys op"]
[Site "Panevezys"]
[Date "2023.08.20"]
[Round "6"]
[White "Lazars, Krisjanis"]
[Black "Saumaniene, Jurate"]
[Result "1-0"]
[WhiteElo "1490"]
[BlackElo "1677"]
[PlyCount "55"]
[EventDate "2023.08.18"]
[EventType "swiss"]
[EventRounds "7"]
[EventCountry "LTU"]
[SourceTitle "EXT 2024"]
[Source "ChessBase"]
[SourceDate "2023.10.10"]
[SourceVersion "1"]
[SourceVersionDate "2023.10.10"]
[SourceQuality "1"]

1. e4 c5 2. Nc3 Nc6 3. g3 g6 4. Bg2 Bg7 5. d3 d6 6. Nge2 Nf6 7. Be3 a6 8. h3 Qc7 9. 0-0 0-0 10. Qd2 b6 11. f4 e6 12. g4 Bb7 13. f5 exf5 14. exf5 Ne5 15. g5 Bxg2 16. gxf6 Bxf1 17. Rxf1 Bxf6 18. Nd5 Qd8 19. fxg6 fxg6 20. Nef4 Bg5 21. Kg2 Bxf4 22. Bxf4 b5 23. Bg5 Qb8 24. Qe2 Qb7 25. Qe4 Qg7 26. Bf6 Rxf6 27. Nxf6+ Kh8 28. Qxa8+ 1-0

[Event "Panevezys op"]
[Site "Panevezys"]
[Date "2023.08.20"]
[Round "7"]
[White "Saumaniene, Jurate"]
[Black "Apine, Emilija"]
[Result "1/2-1/2"]
[WhiteElo "1677"]
[BlackElo "1385"]
[PlyCount "38"]
[EventDate "2023.08.18"]
[EventType "swiss"]
[EventRounds "7"]
[EventCountry "LTU"]
[SourceTitle "EXT 2024"]
[Source "ChessBase"]
[SourceDate "2023.10.10"]
[SourceVersion "1"]
[SourceVersionDate "2023.10.10"]
[SourceQuality "1"]

1. Nf3 d5 2. d4 Nf6 3. g3 c6 4. Bg2 e6 5. 0-0 Be7 6. c3 0-0 7. Nbd2 Nbd7 8. Re1 b6 9. e4 dxe4 10. Nxe4 Nxe4 11. Rxe4 Nf6 12. Re1 Bb7 13. Ne5 Rc8 14. Bg5 Qc7 15. Rc1 c5 16. Bf4 Nd5 17. Bxd5 Bxd5 18. Ng6 Qb7 19. Nxf8 Bxf8 1/2-1/2

[Event "Panevezys op"]
[Site "Panevezys"]
[Date "2023.08.19"]
[Round "5"]
[White "Saumaniene, Jurate"]
[Black "Vasiljeva, Sofja"]
[Result "0-1"]
[WhiteElo "1677"]
[BlackElo "1794"]
[PlyCount "54"]
[EventDate "2023.08.18"]
[EventType "swiss"]
[EventRounds "7"]
[EventCountry "LTU"]
[SourceTitle "EXT 2024"]
[Source "ChessBase"]
[SourceDate "2023.10.10"]
[SourceVersion "1"]
[SourceVersionDate "2023.10.10"]
[SourceQuality "1"]

1. d4 Nf6 2. c4 e6 3. g3 d5 4. Bg2 Bb4+ 5. Bd2 Be7 6. Nc3 0-0 7. cxd5 exd5 8. Nf3 c6 9. 0-0 h6 10. Rc1 Bf5 11. Qb3 Qb6 12. Qxb6 axb6 13. a4 Bb4 14. b3 Bd6 15. Ne5 Bxe5 16. dxe5 Nfd7 17. f4 Nc5 18. e4 dxe4 19. Be3 Nbd7 20. Rb1 f6 21. exf6 Rxf6 22. Ne2 Be6 23. Bxc5 Nxc5 24. b4 Nxa4 25. Bxe4 Bc4 26. Rfe1 Bxe2 27. Rxe2 Nc3 0-1

[Event "WchT Seniors 50"]
[Site "Vilnius"]
[Date "2014.07.16"]
[Round "4.9"]
[White "Kraujunas, Vladas"]
[Black "Saumaniene, Jurate"]
[Result "1/2-1/2"]
[WhiteElo "1691"]
[BlackElo "1697"]
[PlyCount "30"]
[EventDate "2014.07.13"]
[EventType "team-swiss"]
[EventRounds "9"]
[EventCountry "LTU"]
[SourceTitle "CBM 161 Extra"]
[Source "ChessBase"]
[SourceDate "2014.08.29"]
[SourceVersion "1"]
[SourceVersionDate "2014.08.29"]
[SourceQuality "1"]
[WhiteTeam "Lithuania III"]
[BlackTeam "Lithuania (W)"]
[WhiteTeamCountry "LTU"]
[BlackTeamCountry "LTU"]

1. e4 d6 2. d4 Nf6 3. Nc3 g6 4. Be3 Bg7 5. Qd2 c6 6. f3 b5 7. a3 Bb7 8. Nge2 Nbd7 9. Ng3 Qc7 10. Qf2 0-0 11. Be2 a6 12. 0-0 e5 13. Rad1 exd4 14. Bxd4 c5 15. Be3 b4 1/2-1/2

[Event "WchT Seniors 50"]
[Site "Vilnius"]
[Date "2014.07.15"]
[Round "3.7"]
[White "Saumaniene, Jurate"]
[Black "Ungure, Liga"]
[Result "0-1"]
[WhiteElo "1697"]
[BlackElo "1997"]
[PlyCount "56"]
[EventDate "2014.07.13"]
[EventType "team-swiss"]
[EventRounds "9"]
[EventCountry "LTU"]
[SourceTitle "CBM 161 Extra"]
[Source "ChessBase"]
[SourceDate "2014.08.29"]
[SourceVersion "1"]
[SourceVersionDate "2014.08.29"]
[SourceQuality "1"]
[WhiteTeam "Lithuania (W)"]
[BlackTeam "Latvia (W)"]
[WhiteTeamCountry "LTU"]
[BlackTeamCountry "LAT"]

1. Nf3 Nf6 2. g3 g6 3. Bg2 Bg7 4. 0-0 0-0 5. d3 d5 6. c3 c5 7. Nbd2 Nc6 8. e4 e5 9. exd5 Nxd5 10. a4 b6 11. Nc4 Ba6 12. Re1 Re8 13. Ng5 Qd7 14. Qf3 Rad8 15. Ne4 Nce7 16. Ng5 f6 17. Bh3 Nf5 18. Ne4 Qe6 19. g4 Nh4 20. Qg3 f5 21. f4 Nxf4 22. Bxf4 exf4 23. Qf2 Qd5 24. Rad1 Bxc4 25. dxc4 Qxd1 26. Rxd1 Rxd1+ 27. Bf1 Rxe4 28. Qc2 Ree1 0-1

[Event "WchT Seniors 50"]
[Site "Vilnius"]
[Date "2014.07.13"]
[Round "1.8"]
[White "Saumaniene, Jurate"]
[Black "Matvieks, Nikolajs"]
[Result "0-1"]
[WhiteElo "1697"]
[BlackElo "2066"]
[PlyCount "54"]
[EventDate "2014.07.13"]
[EventType "team-swiss"]
[EventRounds "9"]
[EventCountry "LTU"]
[SourceTitle "CBM 161 Extra"]
[Source "ChessBase"]
[SourceDate "2014.08.29"]
[SourceVersion "1"]
[SourceVersionDate "2014.08.29"]
[SourceQuality "1"]
[WhiteTeam "Lithuania (W)"]
[BlackTeam "Latvia"]
[WhiteTeamCountry "LTU"]
[BlackTeamCountry "LAT"]

1. Nf3 Nf6 2. g3 g6 3. Bg2 Bg7 4. c4 0-0 5. 0-0 d6 6. d4 Nbd7 7. Nc3 c6 8. e4 Qc7 9. Qc2 e5 10. dxe5 dxe5 11. Ne1 Re8 12. Nd3 Nh5 13. Be3 Bf8 14. Rad1 f6 15. f4 exf4 16. Nxf4 Nxf4 17. Bxf4 Ne5 18. Ne2 Be6 19. Nd4 Bc5 20. Kh1 Bg4 21. Nf3 Rad8 22. Rxd8 Qxd8 23. Nxe5 fxe5 24. Bc1 Rf8 25. h3 Rxf1+ 26. Bxf1 Qd6 27. Qh2 Bf3+ 0-1